Beyond inflation targeting assessing the impacts and policy alternatives

Na minha lista:
Detalhes bibliográficos
Outros Autores: Epstein, Gerald, Yeldan, A. Erinc
Formato: Livro
Idioma:inglês
Publicado em: Cheltenham Edward Elgar 2009
Assuntos:
Tags: Adicionar Tag
Sem tags, seja o primeiro a adicionar uma tag!

MARC

LEADER 00000nam$a2200000$$$4500
001 0109600
005 20240315121654.2
020 |a 978-1-84720-938-2 
041 0 |a eng 
044 |a GB 
245 1 0 |a Beyond inflation targeting  |b assessing the impacts and policy alternatives  |c edited by Gerald A. Epstein, A. Erinc Yeldan 
264 1 |a Cheltenham  |b Edward Elgar  |c 2009 
300 |a 318 s. 
610 2 0 |a hospodárstvo svetové 
610 2 0 |a politika hospodárska 
610 2 0 |a politika menová 
610 2 0 |a kurz výmenný 
610 2 0 |a zamestnanosť 
610 2 0 |a rozvoj hospodársky 
610 2 0 |a kríza finančná 
610 2 0 |a inflácia 
610 2 0 |a banky centrálne 
610 2 0 |a Brazília 
610 2 0 |a Mexiko 
610 2 0 |a Argentína 
610 2 0 |a Turecko 
610 2 0 |a Juhoafrická republika 
610 2 0 |a India 
610 2 0 |a Filipíny 
610 2 0 |a Vietnam 
700 1 |a Epstein, Gerald 
700 1 |a Yeldan, A. Erinc